header

Rome and rhetoric (Record no. 223153)

MARC details
000 -LEADER
fixed length control field 01555nam a2200385Ia 4500
082 04 - DEWEY DECIMAL CLASSIFICATION NUMBER
Classification number 822.3/3
100 1# - MAIN ENTRY--AUTHOR NAME
Personal name Wills, Garry,
245 10 - TITLE STATEMENT
Title Rome and rhetoric
260 ## - PUBLICATION, DISTRIBUTION, ETC. (IMPRINT)
Place of publication New Haven, CT :
Name of publisher Yale University Press,
Year of publication c2011.
300 ## - PHYSICAL DESCRIPTION
Number of Pages 186 p.
490 1# - SERIES STATEMENT
Series statement The Anthony Hecht lectures in the humanities
500 ## - GENERAL NOTE
General note "... first ... given by Garry Wills at Bard College in 2009. The lectures have been revised for publication."
650 #0 - SUBJECT ADDED ENTRY--TOPICAL TERM
Topical Term Rhetoric, Renaissance.
856 40 - ELECTRONIC LOCATION AND ACCESS
Uniform Resource Identifier http://site.ebrary.com/lib/rucke/Doc?id=10512355

No items available.

© 2026 Rongo University
Contact us: librarian | system librarian | Rongo university